Daily Capital City Riddle #90 - Statistics

General Stats
  • This quiz has been taken 49 times
  • The average score is 25 of 33
Answer Stats
Type Answer % Correct
Found Letter I
100%
Alphabet Letter N
100%
Found Letter A
97%
Alphabet Letter B
95%
Found Letter E
95%
Alphabet Letter L
95%
Alphabet Letter M
95%
Alphabet Letter O
95%
Alphabet Letter R
95%
Alphabet Letter S
95%
Found Letter T
95%
Found Letter G
92%
Alphabet Letter D
89%
Alphabet Letter C
86%
Alphabet Letter H
86%
Alphabet Letter W
84%
Correctly Placed Letter A
78%
Alphabet Letter P
78%
Alphabet Letter U
78%
Correctly Placed Letter I
76%
Alphabet Letter K
70%
Alphabet Letter V
68%
Alphabet Letter Y
68%
Alphabet Letter J
65%
Alphabet Letter Z
59%
Correctly Placed Letter E
57%
Correctly Placed Letter T
54%
Alphabet Letter X
51%
Alphabet Letter F
49%
Correctly Placed Letter G
46%
Alphabet Letter Q
46%
Correctly Placed Letter G
41%
Mystery Capital Gitega
41%
No matching quizzes found
Score Distribution
Percent of People with Each Score
Percentile by Number Answered
Your Score History
You have not taken this quiz